| 000 | 00919nam a2200253Ia 4500 | ||
|---|---|---|---|
| 003 | OSt | ||
| 005 | 20220923211205.0 | ||
| 006 | a|||||r|||| 00| 0 | ||
| 007 | ta | ||
| 008 | 220922b |||||||| |||| 00| 0 hin d | ||
| 020 |
_a819033767X (hbk) _c450 |
||
| 024 | _a238,878 | ||
| 037 |
_b455, 21/03/2009, Vani Prakashan _cTextual |
||
| 040 |
_aARTS _cARTS _bhin |
||
| 041 |
_2hin _ahin |
||
| 082 | _aO152,6N14:g, P7 | ||
| 100 |
_aधापसे, बलीराम रघुनाथराव _9159339 |
||
| 245 | 0 | _aयशपाल का कथेतर साहित्य | |
| 246 | _aYashapāl kā kathetar sāhitya | ||
| 260 |
_aकानपुर _b अभय प्रकाशन _c2007 |
||
| 300 |
_a296पृ. _ccm. |
||
| 942 |
_hO152,6N14:g, P7 _cTEXL _2CC |
||
| 999 |
_c296564 _d296564 |
||